Evénements du 27 janvier - Statistiques

Statistiques générales
  • Ce quiz a été pris 43 fois
  • Le résultat moyen est 7 sur 15
Statistiques - réponses
Hint Réponse % Correct
Libération du camp d'Auschwitsz par les Soviétiques 1945
91%
Naissance d'Edith Cresson 1934
76%
Fin du siège de Leningrad 1944
74%
Naissance de Wolfgang Amadeus Mozart 1756
71%
Signature du Traité de l'Espace 1967
59%
Naissance de l'architecte Eugène Viollet-le-Duc 1814
41%
Naissance du ministre Nicolas Fouquet 1615
38%
Fondation de l'Académie royale de peinture et de sculpture. 1648
38%
Dépôt par Thomas Edison du brevet de la lampe à incandescence 1880
38%
Disparition du sous-marin La Minerve au large de Toulon 1968
32%
Naissance de Guillaume II d'Allemagne 1859
29%
Naissance de l'écrivain Lewis Carroll 1832
21%
Mort de l'explorateur Francis Drake 1596
18%
Fondation de la National Georgraphic Society 1888
15%
Naissance du compositeur Edouard Lalo 1823
9%
Aucun quiz correspondant
Distribution des résultats
% des personnes avec chaque résultat
Percentile par nombre de réponses
Votre historique - résultats
Vous n’avez pas pris ce quiz